University Home | Library Home | Institutional Repository

By night unstarred : (Record no. 136359)

MARC details
000 -LEADER
fixed length control field 00794cam9a220024100 4500
001 - CONTROL NUMBER
control field lce00476438
008 - FIXED-LENGTH DATA ELEMENTS--GENERAL INFORMATION
fixed length control field 781129s1977 ie 000 1 eng
010 ## - LIBRARY OF CONGRESS CONTROL NUMBER
LC control number 78318752
015 ## - NATIONAL BIBLIOGRAPHY NUMBER
National bibliography number Ir***
020 ## - INTERNATIONAL STANDARD BOOK NUMBER
Terms of availability L.4.50
035 ## - SYSTEM CONTROL NUMBER
System control number (Sirsi) r9719
035 ## - SYSTEM CONTROL NUMBER
System control number (DLC) 78318752
035 ## - SYSTEM CONTROL NUMBER
System control number (UPRA)lce00476438
050 0# - LIBRARY OF CONGRESS CALL NUMBER
Classification number PZ3.K173
Item number By 1977
Classification number PR6021.A74
082 ## - DEWEY DECIMAL CLASSIFICATION NUMBER
Classification number 823/.9/12
100 1# - MAIN ENTRY--PERSONAL NAME
Personal name Kavanagh, Patrick, 1904-1967.
Dates associated with a name Kavanagh, Patrick, 1904-1967.
Linkage A62988.1
245 10 - TITLE STATEMENT
Title By night unstarred :
Remainder of title an autobiographical novel /
Statement of responsibility, etc. Patrick Kavanagh ; edited by Peter Kavanagh.
260 ## - PUBLICATION, DISTRIBUTION, ETC.
Place of publication, distribution, etc. The Curragh, Ire. :
Name of publisher, distributor, etc. Goldsmith Press,
Date of publication, distribution, etc. 1977.
700 1# - ADDED ENTRY--PERSONAL NAME
Personal name Kavanagh, Peter.
Linkage A62989.1
949 ## - LOCAL PROCESSING INFORMATION (OCLC)
a PZ3.K173
w lcc
i -1220
m MAIN
t BOOK
l ON-SHELF
987 ## - LOCAL ROMANIZATION/CONVERSION HISTORY (OCLC)
Romanization/conversion identifier holdings : unreadable?

No items available.

© 2026 - The University of Zambia Library - Koha v25.11